000
00208 a2200097 4500
001
18230
100
_a
Durant, W
245
_a
Our oriental hertiage
260
_a
_b
Simon & Schuster
_c
090
_c
13524
_d
13524
942
_a
NUST-CAE
_c
M
_c
3919
999
_c
253303
_d
253303